书目信息 |
| 题名: |
程序设计(初级程序员级)
|
|
| 作者: | 王春森 主编 | |
| 分册: | ||
| 出版信息: | 北京 清华大学出版社 1999.07 |
|
| 页数: | 273页 | |
| 开本: | 16开 | |
| 丛书名: | ||
| 单 册: | ||
| 中图分类: | TP311.1 | |
| 科图分类: | ||
| 主题词: | 软件 | |
| 电子资源: | ||
| ISBN: | 7-302-03506-7 | |
| 000 | 00538nam0 2200181 45 | |
| 001 | 0004240874 | |
| 005 | 20010605154831.0 | |
| 010 | @a7-302-03506-7@dCNY 27.00 | |
| 100 | @a20000424d1999 km y0chiy0120 ea | |
| 101 | @achi | |
| 200 | 1 | @a程序设计(初级程序员级)@Acheng xu she ji(chu ji cheng xu yuan ji)@f王春森主编@FWang Chun Sen Zhu Bian |
| 210 | @a北京@c清华大学出版社@d1999.07 | |
| 215 | @a273页@d16开 | |
| 606 | 0 | @a软件 |
| 690 | @aTP311.1@v3 | |
| 701 | @a王春森@4主编 | |
| 801 | @aCN@bPftUser@c20000424 | |
| 905 | @dTP311.1@eW753@b61188@f1 | |
| 程序设计(初级程序员级)/王春森主编.-北京:清华大学出版社,1999.07 |
| 273页;16开 |
| ISBN 7-302-03506-7:CNY 27.00 |
| ● |
| 相关链接 |
|
|
|
正题名:程序设计(初级程序员级)
索取号:TP311.1/W753
 
预约/预借
| 序号 | 登录号 | 条形码 | 馆藏地/架位号 | 状态 | 备注 |
| 1 | 500110 | 205001102 | 自科二线504/504自科库 5排2列2层/ [索取号:TP311.1/W753] | 在馆 | |
| 2 | 500111 | 205001111 | 自科二线504/504自科库 5排2列2层/ [索取号:TP311.1/W753] | 在馆 | |
| 3 | 500112 | 205001120 | 自科二线504/504自科库 5排2列2层/ [索取号:TP311.1/W753] | 在馆 | |
| 4 | 500113 | 205001139 | 期刊室512/301自科库 39排1列3层/ [索取号:TP311.1/W753] | 在馆 | |
| 5 | 500114 | 205001148 | 自科二线504/504自科库 18排1列6层/ [索取号:TP311.1/W753] | 在馆 | |
| 6 | 500115 | 205001157 | 期刊室512/301自科库 39排1列3层/ [索取号:TP311.1/W753] | 在馆 | |
| 7 | 500116 | 205001166 | 自科二线404/404自科库 7排5列1层/ [索取号:TP311.1/W753] | 在馆 | |
| 8 | 500118 | 205001184 | 自科库301/ [索取号:TP311.1/W753] | 在馆 | |
| 9 | 500119 | 205001193 | 自科二线404/404自科库 7排5列1层/ [索取号:TP311.1/W753] | 在馆 | |
| 10 | 500120 | 205001200 | 自科二线404/404自科库 7排5列1层/ [索取号:TP311.1/W753] | 在馆 | |
| 11 | 61188 | 200611882 | 自科二线504/504自科库 5排2列2层/ [索取号:TP311.1/W753] | 在馆 | |
| 12 | 61189 | 200611891 | 自科二线504/504自科库 5排2列2层/ [索取号:TP311.1/W753] | 在馆 |